The preacher and his sermon. (Record no. 11546)

000 -LEADER
fixed length control field 00569nam a2200193 a 4500
001 - CONTROL NUMBER
control field :::00009345$&:&@@
003 - CONTROL NUMBER IDENTIFIER
control field OkBaRHE
005 - DATE AND TIME OF LATEST TRANSACTION
control field 20000607103350.0
008 - FIXED-LENGTH DATA ELEMENTS--GENERAL INFORMATION
fixed length control field s1907 j 000 0 eng u
040 ## - CATALOGING SOURCE
Transcribing agency
100 1# - MAIN ENTRY--PERSONAL NAME
Personal name Smyth, J. Paterson.
245 14 - TITLE STATEMENT
Title The preacher and his sermon.
260 ## - PUBLICATION, DISTRIBUTION, ETC. (IMPRINT)
Place of publication, distribution, etc Lonbon, UK:EN., :
Name of publisher, distributor, etc James Nisbet and Co.
Date of publication, distribution, etc 1907
300 ## - PHYSICAL DESCRIPTION
Extent 124 p. ;
Dimensions 17 cm.
650 ## - SUBJECT ADDED ENTRY--TOPICAL TERM
Topical term or geographic name as entry element Homiletics
650 ## - SUBJECT ADDED ENTRY--TOPICAL TERM
Topical term or geographic name as entry element Sermon Preparation
942 ## - ADDED ENTRY ELEMENTS (KOHA)
Source of classification or shelving scheme
Koha item type Books
Copies
Shelving location Koha item type Date last seen Full call number Damaged status Permanent Location Source of classification or shelving scheme Withdrawn status Lost status Date acquired Not for loan Copy number Price effective from Barcode
General StacksBooks2010-04-14BV 4211 .S6 RHEMA Bible Training College   2010-04-14 12010-04-149345